00587 2200217 4500001002100000005001700021006001900038008004100057020002100098035002500119090001700144100003900161245003100200250001000231260004300241990001700284990001700301990001700318990001700335990001700352INLIS00000000001236720180105094031.0a ||| | 180719| ||| |  a978-602-7973-312 a0010-071700000000013 a070.92 ASE p0 aProf.Dr. Asep Saeful Muhtadi, M.A.00aPengantar Ilmu Jurnalistik aCet.1 aBandungbSimbiosa Rekatama Mediac2016 a1408/PC/2017 a1408/PC/2017 a1410/PC/2017 a1410/PC/2017 a1408/PC/2017